Szczegóły MARC21

Zachodniopomorskie tajemnice /

003 -Nazwa inst., której nr kontr. jest w polu 001 [,]
    • @
    • Nazwa instytucji, której n kontrolny jest w polu 001
    • NUKAT
005 -DATA I CZAS OSTATNIEJ MODYFIKACJI [,]
    • @
    • pole kontrolne
    • 20241231095153.0
020 -Międzynarod. znormalizowany nr książki - ISBN [ , ]
    • a
    • Numer ISBN
    • 9788361805304 Find
040 -Instytucja sporządzająca opis [ , ]
    • a
    • Instytucja, która sporządziła opis (NP)
    • SZCZ M/MK
    • c
    • Instytucja, która sporządziła rekord (NP)
    • SZCZ M/MK
    • d
    • Instytucja, która zmodyfikowała rekord (P)
    • WA 51/GSs
942 -Rodzaj dokumentu [ , ]
    • c
    • Rodzaj dokumentu
    • Książka
100 -Hasło główne - nazwa osobowa [1, ]
    • a
    • Nazwa osobowa (NP)
    • Rembas, Michał.
    • 9
    • KHW
    • 23992
245 -Strefa tytułu i oznaczenia odpowiedzialności [1,0]
    • a
    • Tytuł
    • Zachodniopomorskie tajemnice / Find
    • c
    • Pozostałe elementy strefy tytułu i oznaczenia odpowiedzialności (NP)
    • [teksty] Michał Rembas ; [aut. zdjęć Michał Rembas et al.].
260 -Strefa adresu wydawniczego [ , ]
    • a
    • Miejsce wydania (P)
    • Szczecin :
    • b
    • Nazwa wydawcy (P)
    • Walkowska Wydawnictwo / JEŻ,
    • c
    • Data wydania (P)
    • 2011.
300 -Strefa opisu fizycznego [ , ]
    • a
    • Określenie formy książki i/lub objętość (NP)
    • 120 s. :
    • b
    • Oznaczenie ilustracji (NP)
    • il. kolor. ;
    • c
    • Format (NP)
    • 23 cm.
336 -Typ zawartości [ , ]
    • a
    • Termin opisujący typ zawartości
    • Tekst
    • b
    • Kod określający zawartość
    • txt
    • 2
    • Źródło (terminu i kodu)
    • rdacontent
337 -Typ mediów [ , ]
    • a
    • Tryb odtwarzania
    • Bez urządzenia pośredniczącego
    • b
    • Kod typu mediów
    • n
    • 2
    • Źródło (terminu i kodu)
    • rdamedia
338 -Typ/rodzaj nośnika [ , ]
    • a
    • Hasło opisujące typ nośnika
    • Wolumin
    • b
    • Kod typu nośnika
    • nc
    • 2
    • Źródło (terminu i kodu)
    • rdacarrier
500 -Uwaga ogólna [ , ]
    • a
    • Uwaga ogólna (NP)
    • U dołu okł. Zachodniopomorskie morze przygody.
080 -Uniwersalna Klasyfikacja Dziesiętna [ , ]
    • 2
    • Identyfikator wydania tablic
    • UDC-P058
    • 9
    • UKD
    • 6011
    • a
    • Symbol klasyfikacji
    • 72.025
    • b
    • Dopowiedzenie
    • Konserwacja i restauracja zabytków architektury. Rewaloryzacja.
    • 4
    • UKD2
    • 8782
    • x
    • Poddział wspólny
    • (036)
    • c
    • Dopowiedzenie poddz. wspólnego
    • (Przewodniki o charakterze praktycznym lub opisowym).
    • 4
    • UKD2
    • 8345
    • x
    • Poddział wspólny
    • (438-17)
    • c
    • Dopowiedzenie poddz. wspólnego
    • (Polska północna).
    • 4
    • UKD2
    • 12453
    • x
    • Poddział wspólny
    • (438-15)
    • c
    • Dopowiedzenie poddz. wspólnego
    • (Polska zachodnia).
080 -Uniwersalna Klasyfikacja Dziesiętna [ , ]
    • 2
    • Identyfikator wydania tablic
    • UDC-P058
    • 9
    • UKD
    • 6029
    • a
    • Symbol klasyfikacji
    • 725.94
    • b
    • Dopowiedzenie
    • Pomniki. Posągi. Mała architektura miejska. Fontanny. Latarnie.
    • 4
    • UKD2
    • 8782
    • x
    • Poddział wspólny
    • (036)
    • c
    • Dopowiedzenie poddz. wspólnego
    • (Przewodniki o charakterze praktycznym lub opisowym).
    • 4
    • UKD2
    • 8345
    • x
    • Poddział wspólny
    • (438-17)
    • c
    • Dopowiedzenie poddz. wspólnego
    • (Polska północna).
    • 4
    • UKD2
    • 12453
    • x
    • Poddział wspólny
    • (438-15)
    • c
    • Dopowiedzenie poddz. wspólnego
    • (Polska zachodnia).
080 -Uniwersalna Klasyfikacja Dziesiętna [ , ]
    • 2
    • Identyfikator wydania tablic
    • UDC-P058
    • 9
    • UKD
    • 4329
    • a
    • Symbol klasyfikacji
    • 56(4/9)
    • b
    • Dopowiedzenie
    • Nauka o skamieniałościach (fosyliach) lokalnych. Paleontologia geograficzna.
    • 4
    • UKD2
    • 8782
    • x
    • Poddział wspólny
    • (036)
    • c
    • Dopowiedzenie poddz. wspólnego
    • (Przewodniki o charakterze praktycznym lub opisowym).
    • 4
    • UKD2
    • 8345
    • x
    • Poddział wspólny
    • (438-17)
    • c
    • Dopowiedzenie poddz. wspólnego
    • (Polska północna).
    • 4
    • UKD2
    • 12453
    • x
    • Poddział wspólny
    • (438-15)
    • c
    • Dopowiedzenie poddz. wspólnego
    • (Polska zachodnia).
650 -Hasło przedmiotowe [ ,7]
    • a
    • Hasło przedmiotowe
    • Miejsca szczególnej wartości
    • z
    • Określnik geograficzny
    • Polska
    • z
    • Określnik geograficzny
    • Pomorze Zachodnie (region)
    • v
    • Określnik formalny
    • przewodniki.
    • 2
    • Źródło terminu
    • kaba
    • 9
    • KHW
    • 596737
650 -Hasło przedmiotowe [ ,7]
    • a
    • Hasło przedmiotowe
    • Pomniki historii
    • z
    • Określnik geograficzny
    • Polska
    • z
    • Określnik geograficzny
    • Pomorze Zachodnie (region)
    • v
    • Określnik formalny
    • przewodniki.
    • 2
    • Źródło terminu
    • kaba
    • 9
    • KHW
    • 596738
651 -Hasło przedmiotowe w formie nazwy geograficznej [ ,7]
    • a
    • Nazwa geograficzna
    • Zachodniopomorskie, Województwo (Polska ; 1999- )
    • v
    • Określnik formalny
    • przewodniki.
    • 2
    • Źródło terminu
    • kaba
    • 9
    • KHW
    • 376054
980 -Symbol UKD [ , ]
    • a
    • UKD
    • 72.025:725.94:56(4/9)](4-17:4-15)(036)
920 -ISBN [ , ]
    • a
    • ISBN
    • 978-83-61805-30-4 Find
Sygnatura Status udost. Numer inwentarzowy Data inwentaryzacji Lokalizacja
 1Z.1155532011-10-06BG
Przewodniki - Pomorze 281WF.92352013-01-28BM